Top 5 Best NBA teams of the 80's - Statistics

General Stats
  • This quiz has been taken 263 times
  • The average score is 4 of 5
Answer Stats
Wins Team % Correct
591 Los Angeles Lakers
100%
592 Boston Celtics
99%
535 Philadelphia 76ers
75%
522 Milwaukee Bucks
53%
449 Atlanta Hawks
28%
No matching quizzes found
Score Distribution
Percent of People with Each Score
Percentile by Number Answered
Your Score History
You have not taken this quiz